Statistiche per Paesi nominati nella pagina Wikipedia dell'Indonesia

Clicka qui per fare il quiz!

Statistiche generali

  • Questo quiz è stato fatto 19 volte
  • Il punteggio medio è 16 su 18

Statistiche sulle risposte

Volte in cui viene nominatoIndizio (basato sul motivo per cui lo stato viene nominato nella pagina Wikipedia)Paese% Corretto
4L'Indonesia è il quarto paese più popoloso del mondo, il primo è questoCina
100%
3L'Indonesia è il quarto paese più popoloso del mondo, il secondo è questoIndia
100%
7Paese confinanteMalesia
100%
4Paese geograficamente vicino all'IndonesiaAustralia
94%
2L'Indonesia è il quarto paese più popoloso del mondo, il settimo è questoBrasile
94%
4Paese che durante la Seconda Guerra Mondiale ha invaso l'IndonesiaGiappone
94%
2Paese confinantePapua Nuova Guinea
94%
6Paese geograficamente vicino all'IndonesiaSingapore
94%
3L'Indonesia è il quarto paese più popoloso del mondo, il terzo è questoStati Uniti
94%
2Paese confinanteTimor Est
94%
3Paese geograficamente vicino all'IndonesiaFilippine
89%
1Paese geograficamente vicino all'IndonesiaBrunei
83%
1Paese che nel 1940 ha invaso quello che governava l'IndonesiaGermania
83%
1L'Indonesia è il quarto paese più popoloso del mondo, il sesto è questoNigeria
83%
1Membro fondatore dell'ASEAN assieme all'IndonesiaThailandia
83%
2Paese da cui l'Indonesia ha ottenuto l'indipendenzaPaesi Bassi
72%
1Gli indonesiani discendono da popolazioni austronesiane giunte da questo paeseTaiwan
72%
1L'Indonesia è il quarto paese più popoloso del mondo, il quinto è questoPakistan
67%

Distribuzione punteggi

Percentile per numero di risposta

Percentuale di utenti per punteggio

I tuoi punteggi nel tempo

Non hai fatto questo quiz